Yahudi Kürtler (Record no. 12592)
[ view plain ]
| 000 -BAŞLIK | |
|---|---|
| Sabit Uzunlukta Kontrol Alanı | 00808na a2200265 4500 |
| 001 - KONTROL NUMARASI | |
| Denetim Alanı | 24642 |
| 003 - KONTROL NUMARASI IDENTIFIER | |
| Denetim Alanı | Milas |
| 005 - SON İŞLEM TARİHİ VE ZAMANI | |
| Denetim Alanı | 20190109124342.0 |
| 008 - SABİT-BOY VERİ ELEMANLARI - GENEL BİLGİLER | |
| Sabit Uzunlukta Kontrol Alanı | 190104b tu 000 0 |
| 020 ## - ULUSLARARASI STANDART KİTAP NUMARASI | |
| Uluslararası Standart Kitap Numarası | 9758658379 |
| 041 ## - DİL KODU | |
| Metin / Ses Parça Veya Ayrı Başlığın Dil Kodu | tur |
| 082 ## - DEWEY ONLU SINIFLANDIRMA NUMARASI | |
| Sınıflandırma Numarası | 323.11959056 |
| Ürün Numarası | G95y 2003 |
| 090 ## - SINIFLAMA NUMARASI | |
| Sınıflama Numarası | 323.11959056 G95y 2003 |
| 100 ## - ANA GİRİŞ - KİŞİSEL İSİM | |
| Kişisel Ad | Günaydın, Eşref |
| 245 ## - BAŞLIK TABLOSU | |
| Başlık | Yahudi Kürtler |
| Başlığın Kalan | Babil'in kayıp çocukları |
| Sorumluluk Tablosu, Vb | Eşref Günaydın |
| 246 ## - UNVAN FORM VARYING | |
| Başlık Doğru / Kısa Başlığı | Babil'in kayıp çocukları |
| 260 ## - YAYIN, DAĞITIM, VB | |
| Yayın, Dağıtım, Vb Yeri | İstanbul |
| Yayıncı, Dağıtıcı, Vs Adı | Karakutu yayınları |
| Yayın, Dağıtım, Vb Tarihi | 2003 |
| 300 ## - FİZİKSEL TANIM | |
| Kapsam | 86 s. |
| Diğer Fiziksel Ayrıntıları | fotğ. |
| Boyutlar | 21 sm. |
| 440 ## - SERİSİ TABLOSU / KATMA GİRİŞİ - BAŞLIK | |
| Başlık | Karakutu yayınları |
| Hacim / Ardışık Tanımı | 32 |
| 490 ## - SERİSİ TABLOSU | |
| Seri Beyanı | satırarası |
| Hacim / Ardışık Tanımı | 12 |
| 650 ## - KONU KATMA GİRİŞ - TOPİKAL DÖNEM | |
| Topikal Süreli Veya Coğrafi Ad Giriş Elemanı | Yahudiler |
| Genel Alt Bölümü | Ortadoğu |
| -- | Tarih |
| 650 ## - KONU KATMA GİRİŞ - TOPİKAL DÖNEM | |
| Topikal Süreli Veya Coğrafi Ad Giriş Elemanı | Kürtler |
| Genel Alt Bölümü | Ortadoğu |
| -- | Tarih |
| 650 ## - KONU KATMA GİRİŞ - TOPİKAL DÖNEM | |
| Topikal Süreli Veya Coğrafi Ad Giriş Elemanı | Yahudi Kürtler |
| Genel Alt Bölümü | Ortadoğu |
| -- | Tarih |
| 740 ## - KATMA GİRİŞ - KONTROLSUZ İLGİLİ / ANALİTİK BAŞLIK | |
| Kontrol Edilmeyen / İlgili Analitik Başlıktaki | Babil'in kayıp çocukları |
| 999 ## - SİSTEM KONTROL NUMARALARI (KOHA) | |
| Koha Biblionumber | 12592 |
| Koha Biblioitemnumber | 12592 |
| Kalıcı Konum | Mevcut Konum | Edinme Tarihi | Edinim Kaynak | Toplam Check-Out'Lar | Tam Çağrı Numarası | Barkod | Tarih Son Görülme | İtibaren Geçerli Fiyatlar | Koha Öğesi Türü |
|---|---|---|---|---|---|---|---|---|---|
| CHP Kütüphanesi | CHP Kütüphanesi | 01/09/2019 | Bağış | 323.11959056 G95y 2003 | 018719 | 01/09/2019 | 01/09/2019 | Books |
